00531nam a2200181Ia 4500008004100000020001800041082002000059100002400079245003000103250000600133260002800139300001000167500002400177650002400201942000700225952010000232999001700332230524s9999 xx 000 0 und d a9788183224789 a968.065092bSMI aDaniel Smith945123 0aHow to think like Mandela a1 aNew DelhibManjulc2020 a203p; aQuantity Number: 1 aMiscellaneous91877 cBK 00104070aTATCLbTATCLcGENd2023-05-24l0o968.065092 SMIp60747r2023-05-24w2023-05-24yBK c60747d60747